Stanovenie nutričných parametrov vo vybraných druhoch rýb

Uložené v:
Podrobná bibliografia
Hlavný autor: Lošonská, Katarína (Autor)
Ďalší autori: Staruch, Ladislav (Vedúci práce)
Médium: Rukopis Kniha
Jazyk:Slovak
Vydavateľské údaje: 2016
Predmet:
On-line prístup:http://is.stuba.sk/zp/portal_zp.pl?podrobnosti=120352
Tagy: Pridať tag
Žiadne tagy, Buďte prvý, kto otaguje tento záznam!

MARC

LEADER 00000ntm a22000003a 4500
001 stuzp58395
003 SK-STU
005 20160719155543.3
007 ta
008 150427s2015----xo-----f-mn---000-0-slo-d
040 |a STU  |b slo 
041 0 |a slo 
100 1 |a Lošonská, Katarína  |u 040200  |4 aut  |U FCHPT Fakulta chemickej a potravinárskej technológie  |T FCHPT Ústav potravinárstva a výživy  |X 44158  |U C020  |Y 684  |7 44158 
242 0 1 |a Determination of nutritional parameters in selected fish species  |y eng 
245 1 0 |a Stanovenie nutričných parametrov vo vybraných druhoch rýb 
260 |c 2016 
650 4 |a nutričné parametre  |2 slo 
650 4 |a proteíny  |2 slo 
650 4 |a lipidy  |2 slo 
650 4 |a ryby  |2 slo 
650 4 |a mastné kyseliny  |2 slo 
650 4 |a nutritional parameters  |2 eng 
650 4 |a proteins  |2 eng 
650 4 |a lipids  |2 eng 
650 4 |a fatty acids  |2 eng 
650 4 |a fish  |2 eng 
700 1 |a Staruch, Ladislav  |u 040250  |k Z1  |4 ths  |U FCHPT Ústav potravinárstva a výživy  |T FCHPT Oddelenie potravinárskej technológie  |X 4142  |U C0250  |Y 685  |7 A000004142 
856 4 |u http://is.stuba.sk/zp/portal_zp.pl?podrobnosti=120352 
SQL |a stuzp58395  |b DDP  |c SLO  |d Stanovenie nutričných parametrov vo vybraných druhoch rýb  |e 44158  |f Lošonská, Katarína  |g 040200  |h 4142  |i Staruch, Ladislav  |j 20160607  |k 125  |l 04  |m http://is.stuba.sk/zp/portal_zp.pl?podrobnosti=120352  |n I-POHYKO  |o 5.2.24. potravinárstvo